000 00772nam a22002177a 4500
999 _c774
_d774
003 AR-CdUCM
008 190225b ||||| |||| 00| 0 spa d
040 _aMUNICIPALIDAD PROVINCIAL DEL CUSCO
_cBIBLIOTECA MUNICIPAL DEL CUSCO
082 _a869.56 /
_bR68
100 _aRivera Saavedra, Juan
_92959
245 _aPiezas breves:
_bteatro /
260 _aLima :
_bPegaso,
_c1989.
300 _a99 páginas ;
_c21 cm.
500 _aCONCYTEC (auspiciador)
505 _aContenido: La mosca doméstica -- El Gran Tu -- Alberto el Bueno -- El crédito -- Con prólogo y sin epílogo -- El espejo de las verdades aproximadas -- Juicios.
650 _aTeatro peruano
_92697
650 _aTeatro siglo XX
_92960
650 _aDrama
_9560
942 _2ddc
_cLIBROS
945 _azta